ভাসানীর কাগমারী সম্মেলন ও স্বায়ত্তশাসনের সংগ্রাম / (Record no. 83740)
[ view plain ]
| 000 -LEADER | |
|---|---|
| fixed length control field | 00864nam a2200217 a 4500 |
| 001 - CONTROL NUMBER | |
| control field | 83740 |
| 003 - CONTROL NUMBER IDENTIFIER | |
| rucl marc code | BD-RjUL |
| 005 - DATE AND TIME OF LATEST TRANSACTION | |
| control field | 20240514125902.0 |
| 008 - FIXED-LENGTH DATA ELEMENTS--GENERAL INFORMATION | |
| fixed length control field | 240514s1986 bg ||||| |||| 00| 0 eng d |
| 035 ## - SYSTEM CONTROL NUMBER | |
| System control number | (BD-RjUL)83740 |
| 040 ## - CATALOGING SOURCE | |
| Original cataloging agency | BD-RjUL |
| Language of cataloging | eng |
| Transcribing agency | BD-RjUL |
| 041 ## - LANGUAGE CODE | |
| Language code of text/sound track or separate title | ben |
| 082 ## - DEWEY DECIMAL CLASSIFICATION NUMBER | |
| Edition number | 23 |
| Classification number | 954.9 |
| Author mark and year | REB 1986 |
| 100 ## - MAIN ENTRY--PERSONAL NAME | |
| Personal name | রেজা, শাহ আহমদ |
| 9 (RLIN) | 13005 |
| 245 ## - TITLE STATEMENT | |
| Title | ভাসানীর কাগমারী সম্মেলন ও স্বায়ত্তশাসনের সংগ্রাম / |
| Statement of responsibility, etc. | শাহ আহমদ রেজা |
| 260 ## - PUBLICATION, DISTRIBUTION, ETC. (IMPRINT) | |
| Place of publication, distribution, etc. | ঢাকা : |
| Name of publisher, distributor, etc. | গণপ্রকাশনী, |
| Date of publication, distribution, etc. | ১৯৮৬ |
| 300 ## - PHYSICAL DESCRIPTION | |
| Pagination | ১১২ পৃ.; |
| Size | ২১ সেমি. |
| 650 ## - SUBJECT ADDED ENTRY--TOPICAL TERM | |
| Topical term or geographic name as entry element | পাকিস্তান |
| General subdivision | রাজনীতি ও সরকার |
| 9 (RLIN) | 13006 |
| Topical term or geographic name as entry element | Pakistan |
| General subdivision | Politics and Government |
| 9 (RLIN) | 13007 |
| 942 ## - ADDED ENTRY ELEMENTS (KOHA) | |
| Source of classification or shelving scheme | Dewey Decimal Classification |
| Koha item type | Books |
| Lost status | Source of classification or shelving scheme | Damaged status | Not for loan | Collection code | Permanent Location | Current Location | Shelving location | Date acquired | Source of acquisition | Cost, normal purchase price | Total Checkouts | Full call number | Date last seen | Copy number | Koha item type |
|---|---|---|---|---|---|---|---|---|---|---|---|---|---|---|---|
| Dewey Decimal Classification | Not For Loan | Non-fiction | Central Library, University of Rajshahi | Central Library, University of Rajshahi | General Stacks | 12/06/1989 | Author | 25.00 | B 954.9 REB 1986 | 14/05/2024 | C-1 | Books |